| 000 | 01134nam a22003977a 4500 | ||
|---|---|---|---|
| 001 | BR7502800 | ||
| 003 | BR-BrBNA | ||
| 005 | 20230928084754.0 | ||
| 007 | ta | ||
| 008 | 230509b bl.||||| |||| 00| 0 por d | ||
| 040 |
_aBR-BrBNA _bpor _cBiblioteca Nacional de Agricultura |
||
| 041 | _a(Eng) | ||
| 072 |
_aE30; E10; E15 _b/G514 |
||
| 090 | _ E30 BR7502800 | ||
| 100 | 1 | _aAdams, D.W. | |
| 100 | 1 | _aAhn, C. | |
| 100 | 1 | _aFrancis, D.G. | |
| 100 | 1 | _aGlover, T.F. | |
| 100 | 1 | _aGraham, D.H. | |
| 100 | 1 | _aLarson, D.W. | |
| 100 | 1 | _aMeyer, R.L. | |
| 100 | 1 | _aRask, N. | |
| 100 | 1 | _aSingh, I. | |
| 110 | 1 | _aAgencia Norteamericana para o Desenvolvimento Internacional, Rio de Janeiro, RJ (Brasil); | |
| 110 | 1 | _aThe Ohio State University, Columbus (USA) | |
| 245 | 1 |
_aFarm growth in Brazil _bFinal report |
|
| 260 | 3 |
_aColumbus, Ohio (USA): _c1975. |
|
| 300 | _a665 p. | ||
| 500 | _aBibliography (464 ref.); Summary (Eng) | ||
| 650 | _aDESENVOLVIMENTO AGRICOLA | ||
| 650 | _aMACROECONOMIA | ||
| 650 | _aMICROECONOMIA | ||
| 650 | _aPOLITICA AGRICOLA | ||
| 909 |
_a202309 _bLucia _c55 _dLucia Elande |
||
| 942 | _cBK | ||
| 999 |
_c21012 _d21012 |
||